000 00528nam a2200217Ia 4500
005 20250923150422.0
008 008 250917s9999 xx 000 0 eng d
037 _aTextual
040 _aDSWL
_beng
_cDSWL
041 _aeng
_2eng
084 _qDSWL
100 _aRao, K Sujatha
_9845741
245 0 _aDo we care
_cby K Sujatha Rao
260 _aNew Delhi
_b Oxford
_c2017
300 _a446 p.
365 _aINR
_b850
650 _a Sujatha
_9845742
925 _g850
942 _cTEXL
999 _c1463237
_d1463237